Gruppo dell'Ossigeno - Statistics

Statistiche generali
  • Questo quiz è stato fatto 13 volte
  • Il punteggio medio è 4 su 5
Statistiche sulle risposte
Z Simbolo Elemento % Corretto
8 O Ossigeno
100%
16 S Zolfo
100%
34 Se Selenio
91%
52 Te Tellurio
73%
84 Po Polonio
55%
Nessun quiz corrispondente trovato
Distribuzione punteggi
Percentuale di utenti per punteggio
Percentile per numero di risposta
I tuoi punteggi nel tempo
Non hai fatto questo quiz